000 00614nam a2200229Ia 4500
003 OSt
005 20221007075149.0
006 a|||||r|||| 00| 0
007 ta
008 221006b |||||||| |||| 00| 0 eng d
024 _a18,034
037 _cTextual
040 _aFLL
_cFLL
_beng
041 _2eng
_aeng
082 _aY5.73:N7, M1
100 _aBerreman Gerald D. Au.
_9693579
245 0 _aSocial inequality
260 _aNew Delhi
_bClassical Pub. India
_c1981
300 _axvii,361p
_ccm.
942 _hY5.73:N7, M1
_cTEXL
_2CC
999 _c1155043
_d1155043